LEADER 00977nam 2200253la 450 001 9910481852803321 005 20221103091605.0 035 $a(UK-CbPIL)2230617177 035 $a(CKB)5500000000149109 035 $a(EXLCZ)995500000000149109 100 $a20221103d1660 uy | 101 0 $aita 135 $aurcn||||a|bb| 200 10$aDella misura dell'acque correnti di D. Benedetto Castelli abbate di S. Benedetto Aloysio, e matematico di papa Vrbano 8. . 210 $aBologna $cHeredi di Evangelista Dozza$d1660 215 $aOnline resource ([20], 184 pages., 4to.) 300 $aReproduction of original in Biblioteca Nazionale Centrale di Firenze. 700 $aCastelli$b Benedetto$f1577 or 1578-1643.$055068 801 0$bUk-CbPIL 801 1$bUk-CbPIL 906 $aBOOK 912 $a9910481852803321 996 $aDella misura dell'acque correnti di D. Benedetto Castelli abbate di S. Benedetto Aloysio, e matematico di papa Vrbano 8.$94540675 997 $aUNINA